شگفتہ ز ا ر (Record no. 163807)

MARC details
000 -LEADER
fixed length control field 00730nam a22001937a 4500
005 - DATE AND TIME OF LATEST TRANSACTION
control field 20190501131443.0
010 ## - LCCN (DPL NO)
LC control number UR-10049
020 ## - INTERNATIONAL STANDARD BOOK NUMBER
Terms of availability 175.00
International Standard Book Number -
035 ## - SYSTEM CONTROL NUMBER
System control number U-8604
037 ## - SOURCE OF ACQUISITION
Source of stock number/acquisition DBAD/PUB
082 ## - DEWEY DECIMAL CLASSIFICATION NUMBER
Classification number 840.08
100 ## - MAIN ENTRY--PERSONAL NAME
Personal name صد يقی علی ا لد ين
245 ## - TITLE STATEMENT
Title شگفتہ ز ا ر
Statement of responsibility, etc صد يقی علی ا لد ين
246 ## - VARYING FORM OF TITLE
Remainder of title ‏‏ Shugufta Zaar(Urdu)
Title proper/short title by Aliuddin Siddiqui
260 ## - PUBLICATION, DISTRIBUTION, ETC. (IMPRINT)
Place of publication, distribution, etc Aurangabad
Name of publisher, distributor, etc Nawa-e-Decan Publications
Date of publication, distribution, etc 2019ء
270 ## - ADDRESS
Address 2019ءBaitul Ankaboot,Plot No. 7,Infront ofMastan FunctionHall,Majnu hills,
City Aurangabad
Postal code 431001
Telephone number 9823976565
Fax number -
300 ## - PHYSICAL DESCRIPTION
Extent 139ص
Dimensions 22 Cm.(bk)
942 ## - ADDED ENTRY ELEMENTS (KOHA)
Source of classification or shelving scheme Dewey Decimal Classification
Item type Urdu Bks
Classification part 840.08
Call number suffix ص د ی
Holdings
Withdrawn status Lost status Not for loan Collection code Home library Current library Date acquired Source of acquisition Cost, normal purchase price Full call number Barcode Copy number Cost, replacement price Koha item type
    Not For Loan Non-fiction D.B.Act.Division D.B.Act.Division 01/05/2019 DBAD/PUB 175.00 840.08 ص د ی U-8604 1 175.00 Urdu Bks

© Delhi Public Library
Hit Counter
free hit counter